000 00976nam a22002657a 4500
001 BR7909323
003 BR-BrBNA
005 20230928090457.0
007 ta
008 230509b bl.||||| |||| 00| 0 por d
040 _aBR-BrBNA
_bpor
_cBiblioteca Nacional de Agricultura
041 _a(Por)
072 _aA50
_b/G514
090 _ A50 BR7909323
110 1 _aEmpresa Catarinense de Pesquisa Agropecuaria S.A., Itajai, SC (Brasil). Estacao Experimental de Itajai
_93968
245 1 _aRelatorio de atividades 1979. [Empresa Catarinense de Pesquisa Agropecuaria. Estacao Experimental de Itajai, Santa Catarina, Brasil]
260 3 _aItajai, SC (Brasil):
_c1979.
300 _a38 p.
500 _a(*) Documento disponível no(a) Empresa Catarinense de Pesquisa Agropecuaria, Florianopolis, SC (Brazil)
650 _aADMINISTRACAO DE PESQUISA
650 _aINSTITUICAO DE PESQUISA
650 _aSANTA CATARINA
909 _a202309
_bLucia
_c55
_dLucia Elande
942 _cBK
999 _c29004
_d29004